Music Acts - R - Statistics

General Stats
  • This quiz has been taken 39 times
  • The average score is 9 of 15
Answer Stats
Hint Answer % Correct
Californication, The Zephyr Song, Dani California Red Hot Chili Peppers
94%
Paint It Black, Emotional Rescue, Not Fade Away Rolling Stones
92%
Orange Crush, E-Bow The Letter, Shiny Happy People REM
89%
Creep, There There, Paranoid Android Radiohead
86%
Deeply Dippy, I'm Too Sexy, You're My Mate Right Said Fred
83%
Russian Roulette, Take A Bow, Rude Boy Rihanna
67%
Sheena Is A Punk Rocker, Baby I Love You, Swallow My Pride Ramones
58%
Angels, Strong, Millennium Robbie Williams
56%
Spirit Of Radio, Tom Sawyer, Closer To The Heart Rush
56%
Is It Love You're After, Wishing On A Star, Car Wash Rose Royce
50%
Be My Baby, Sleigh Ride, Baby I Love You Ronettes
47%
Looking For Clues, I Didn't Mean To Turn You On, Johnny And Mary Robert Palmer
39%
Can You Feel The Force, Can't Get By Without You, You To Me Are Everything Real Thing
25%
Angel Eyes, Pyjamarama, Over You Roxy Music
25%
Tonight, Juke Box Jive, Sugar Baby Love Rubettes
22%
No matching quizzes found
Score Distribution
Percent of People with Each Score
Percentile by Number Answered
Your Score History
You have not taken this quiz